[Event "RUS-Cup9"]
[Site "Novgorod"]
[Date "1997.06.13"]
[Round "3"]
[White "Zagrebelny, Sergey"]
[Black "Vyzmanavin, Alexey"]
[Result "1/2-1/2"]
[WhiteElo "2480"]
[BlackElo "2585"]
[Annotator "Meulders,R"]
[PlyCount "41"]
[EventDate "1997.06.11"]
[EventType "swiss"]
[EventRounds "9"]
[EventCountry "RUS"]
[SourceTitle "CBM 060"]
[Source "ChessBase"]
[SourceDate "1997.09.29"]
[SourceVersion "1"]
[SourceVersionDate "1997.09.29"]
[SourceQuality "1"]

1. e4 c5 2. Nf3 e6 3. d4 cxd4 4. Nxd4 a6 5. Bd3 d5 {Hier hat man eine sehr
große Wahl, aber ...d5, ist dies das Ei des Kolumbus? Kann Schwarz den im
Sizilianischen Idealzug ...d5 wirklich schon so früh spielen, und wie kommt es
daß niemand vor Vyzmanavin auf diesen Gedanken gekommen ist ?} 6. exd5 Qxd5 7.
O-O Nf6 (7... Qxd4 $4 8. Bb5+ $18) 8. Nc3 Qd8 9. Bf4 (9. Bg5 Be7 10. Nb3 Nc6
11. Qe2 O-O 12. Rad1 Qc7 13. Rfe1 Rd8 14. Qf3 h6 15. Bh4 b5 16. Ne4 Nd5 17.
Bxe7 Ncxe7 18. Nec5 Bd7 19. Nxd7 Rxd7 $11 {Kasimdzhanov-Vyzmanavin, Cappelle
la Grande 1997, 1/2-1/2 (39).}) 9... Be7 10. Re1 O-O 11. h3 (11. Nb3 Bd7 12.
Qf3 Bc6 13. Qh3 Nbd7 14. Rad1 Qb6 15. Ne4 Rfd8 16. Bd6 (16. Ng5 Nf8 (16... h6
$4 17. Nxf7 $1 $18) 17. Be5 h6 18. Nf3 N8d7 $11) 16... Bxd6 17. Nxd6 Bd5 18.
Nc4 Qc7 19. Ne3 Bxb3 20. axb3 Ne5 21. Bf1 b5 $11 {Meulders}) 11... Bd7 12. Qf3
Nc6 13. Nb3 Nb4 $1 14. Qxb7 Bc6 15. Qc7 Nxd3 16. cxd3 Rc8 17. Qxd8 Rfxd8 $44
18. Red1 Nd5 19. Nxd5 Bxd5 20. Be5 f6 21. Bc3 1/2-1/2

[Event "Rubinstein Memorial 35th"]
[Site "Polanica Zdroj"]
[Date "1998.08.20"]
[Round "4"]
[White "Leko, Peter"]
[Black "Rublevsky, Sergei"]
[Result "1/2-1/2"]
[WhiteElo "2665"]
[BlackElo "2685"]
[Annotator "Meulders,R"]
[PlyCount "49"]
[EventDate "1998.08.17"]
[EventType "tourn"]
[EventRounds "11"]
[EventCountry "POL"]
[EventCategory "17"]
[SourceTitle "CBM 067"]
[Source "ChessBase"]
[SourceDate "1998.11.30"]
[SourceVersion "2"]
[SourceVersionDate "1998.11.01"]
[SourceQuality "1"]

1. e4 c5 2. Nf3 e6 3. d4 cxd4 4. Nxd4 a6 5. Bd3 Nf6 6. O-O d6 7. c4 Bd7 8. Nc3
Nc6 9. Be3 Be7 10. Be2 (10. h3 {wurde einstmals von Bobby Fischer gespielt:}
Ne5 11. Be2 Rc8 12. Qb3 Qc7 13. Rac1 O-O 14. f4 Nc6 15. Nf3 Qb8 16. Qd1 Be8 17.
Qd2 $14 {Fischer,R-Najdorf,M/Siegen olm 1970/MCD-ol/1-0 (48)}) ({Andere
Möglichkeiten sind:} 10. f4 Nxd4 (10... O-O 11. Qe2 Nxd4 12. Bxd4 Bc6 13. Rad1
Nd7 14. e5 dxe5 15. fxe5 g6 16. Be4 Qc7 17. Bxc6 Qxc6 18. Ne4 Qc7 {1/2-1/2
McDonald,N-Thesing,M/Zug 1989/CBM 16 (27)}) 11. Bxd4 {und jetzt:} e5 $6 (11...
O-O 12. Kh1 Bc6 13. e5 Nd7 14. Ne4 dxe5 15. fxe5 Bxe4 16. Bxe4 Qc7 17. Qe2 Rad8
18. Bc3 g6 19. Bc2 Bg5 20. Rf3 $40 {1-0 Woda,J-Adamski,J/POL-ch 1989/EXT 89ch 
(41)}) (11... Bc6 12. Qe2 O-O 13. Rad1 (13. Rac1 Re8 14. Kh1 Bf8 15. Bg1 Nd7
$13 {Ochoa-Paramos Dominguez/ESP-tt/1996/}) 13... Qc7 14. f5 e5 15. Be3 b5 16.
cxb5 axb5 17. Bxb5 Nxe4 18. Nxe4 Bxe4 19. Qg4 Qb7 20. Bh6 (20. f6 Bxf6 21. Rxf6
h5 $1 $15) 20... Qb6+ 21. Kh1 Bf6 22. Bc4 $13 {1-0 Zimmersmann,R-Mijairvic,Z/
Spring op 1990/EXP 17 (34)}) 12. fxe5 dxe5 13. Bxe5 Ng4 14. Bf4 Bc5+ 15. Kh1
Nf2+ 16. Rxf2 Bxf2 17. Nd5 O-O 18. Qf3 Bd4 19. Rd1 f6 20. e5 Bxe5 21. Qh5 g6
22. Bxg6 hxg6 23. Qxg6+ Kh8 24. Qh5+ Kg8 25. Qg6+ Kh8 26. Rd3 $18 {1-0 Hawelko,
M-Adamski,J/POL-ch 1987/EXT 87ch (29)}) ({Auch} 10. Kh1 {um alle "Tricks" der
g1-a7 Diagonale entlang sofort zu unterbinden kommt vor:} h5 $5 (10... Nxd4 11.
Bxd4 Bc6 12. Qe2 O-O 13. Rae1 (13. f4) 13... Nd7 14. Nd5 Bxd5 15. exd5 e5 16.
Bc3 g6 17. f4 Bf6 18. f5 e4 $5 $44 {0-1 Bezgodov,A-Chuprov,D/RUS-Cup3 1996/CBM
57/[Ribli] (54)}) 11. f4 Ng4 12. Bg1 Bf6 13. Nf3 Rc8 14. Qe1 Qa5 15. h3 Nh6 16.
Rd1 g6 17. Bb1 $14 {1-0 Kokkila,T-Kivisto,M/FIN-chT 1988/EXT 88ch2 (48)}) (10.
Nxc6 Bxc6 11. b4 d5 12. exd5 exd5 13. b5 axb5 14. cxb5 d4 15. bxc6 bxc6 16. Qf3
dxe3 17. Qxc6+ Kf8 18. Ba6 exf2+ 19. Rxf2 Qe8 $11 {Bronstein,L-Pucheta,R/
Buenos Aires op 1990/EXT 90op2/0-1 (52)}) 10... O-O (10... Nxd4 11. Qxd4 O-O
12. Rfd1 Qb8 13. a4 a5 14. Qd3 Bc6 15. Bf4 Rd8 16. Qe3 b6 17. Rd2 Nd7 18. Qg3
e5 19. Bh6 Bf8 20. Bd3 $14 {Short,N-Gheorghiu,F/Thessaloniki olm 1988/TD 88\06/
1/2-1/2 (56)}) 11. f3 Qb8 12. Nb3 Rc8 13. Na4 Bd8 14. Nb6 Bxb6 15. Bxb6 d5 16.
cxd5 exd5 17. exd5 Nb4 18. d6 Nbd5 19. Bc5 b6 20. Bf2 {Wegen ...Ne3 darf der
Laüfer die g1-a7 Diagonale natürlich nicht verlassen.} Qxd6 {Nachdem das
materielle Gleichgewicht hergestellt ist winkt das Remis. Der starke Nd5 und
der schwache weiße Punkt e3 bieten Schwarz ausreichende Kompensation für das
weiße Laüferpaar.} 21. Qd2 Bb5 $6 {Ziemlich ungestüm} 22. Rfe1 $6 ({Mit} 22.
Bxb5 axb5 23. a3 Rc4 24. Nd4 Qd7 25. Rfe1 $14 {/\ Rad1/Nc2/Ne3 hätte Weiß
meines Erachtens einen kleinen Vorteil gehabt. Nach der folgenden Tausch
behält Weiß zwar einen guten Laüfer, der Riese auf d5 hält aber den
Gleichgewicht.}) 22... Bxe2 23. Rxe2 Rd8 24. Rae1 h6 25. Bg3 1/2-1/2

[Event "CZE-ch"]
[Site "Zlin"]
[Date "1997.??.??"]
[Round "10"]
[White "Kalod, Radek"]
[Black "Movsesian, Sergei"]
[Result "0-1"]
[WhiteElo "2455"]
[BlackElo "2630"]
[Annotator "Meulders,R"]
[PlyCount "106"]
[EventDate "1997.06.12"]
[EventType "tourn"]
[EventRounds "11"]
[EventCountry "CZE"]
[EventCategory "10"]
[SourceTitle "CBM 061"]
[Source "ChessBase"]
[SourceDate "1997.11.23"]
[SourceVersion "1"]
[SourceVersionDate "1997.11.23"]
[SourceQuality "1"]

1. e4 c5 2. Nf3 e6 3. d4 cxd4 4. Nxd4 a6 5. Bd3 Nf6 6. O-O d6 7. c4 g6 8. Nc3
Bg7 9. Be3 O-O 10. Rc1 b6 11. f3 (11. Qe2 Bb7 12. Rfd1 Nbd7 13. f3 (13. Bb1 Qc7
14. f3 Rac8 15. b3 Qb8 16. Qd2 Rfd8 (16... d5 $6 17. cxd5 exd5 18. exd5 Nxd5
19. Nxd5 Bxd5 20. Nf5 $1 $16) 17. Nde2 Bf8 18. Bh6 Be7 (18... Bxh6 19. Qxh6 b5
20. cxb5 axb5 21. Nxb5 Rxc1 22. Qxc1 Bxe4 23. Nxd6 Bxb1 24. Qxb1 Qb6+ 25. Kh1
Ne5 $132) 19. Nd4 Ba8 20. Re1 Re8 21. Kh1 (21. f4 Ng4 22. f5 d5 23. Bf4 e5 $13)
21... Rc5 22. Be3 Rcc8 23. Bg5 Rc5 24. Be3 Rcc8 25. Bf2 (25. Bg5 Rc5 $10) 25...
Bf8 26. Bd3 Nh5 27. Bf1 Ne5 28. Be2 (28. g3 f5 29. Bg2 Nf6 $132) 28... Nf6 29.
Bg3 Ned7 (29... Bg7 30. Red1 Rcd8 $13) 30. Red1 Nh5 31. Bh4 Bg7 32. Bg5 Nc5 $6
33. Nc2 Bf8 34. Ne3 {P 35. g4, 36. d4} f6 35. Bh4 f5 $2 36. exf5 gxf5 37. g4 $1
{P 38.gf5 ef5 39. d5} fxg4 38. Nxg4 Kh8 39. Nf6 Be7 40. Qh6 {1-0 Timman,
J-Huebner,R/Tilburg 1977/MCL 04/[Ftacnik]}) (13. f4 Nc5 {xe4}) 13... Re8 14.
Qf2 Rc8 15. Bf1 Qc7 16. Ndb5 axb5 17. Nxb5 Qb8 18. Nxd6 Bc6 19. b3 Bf8 20. Nxe8
Rxe8 21. Qd2 {1/2-1/2 Browne,W-Petrosian,T/Milano 1975/MCL 02}) (11. b4 Bb7 12.
f4 e5 13. fxe5 dxe5 14. Nc2 Ng4 15. Qxg4 Qxd3 16. Nd5 Bxd5 17. cxd5 f5 18. exf5
gxf5 19. Qg3 Nd7 20. Ne1 {1/2-1/2 Spassky,B-Najdorf,M/Buenos Aires Clarin 1979/
MCL 07}) 11... Bb7 12. Qd2 Nbd7 13. Rfd1 Qc7 (13... Re8 14. Bf1 Qc7 15. Nb3 Bf8
16. Bh6 Bxh6 17. Qxh6 Red8 18. Qf4 Ne8 19. Qh4 Ndf6 20. Rd2 Rab8 21. Rcd1 Ba8
22. Kh1 Bc6 23. Nd4 Bb7 24. Re1 Rbc8 25. Nc2 Qc5 26. Ne3 Bc6 27. a3 a5 28. Nc2
{Krogius,N-Popov,L/Polanica Zdroj 1969/MCL 06/1-0 (42)}) 14. Bf1 Rac8 15. Qf2
Nh5 16. b4 Be5 17. g3 Rfe8 18. f4 {Wer gegen das Igel-System mit b4 und f4
losgeht, muß beständig darauf achten daß ihm, wie im Kegelspiel, die Bauer e4
und c4 nicht umgeworfen werden.} Bg7 19. Ndb5 $6 (19. Be2 Nhf6 20. Qg2 Qb8 21.
a3 $11) 19... axb5 20. Nxb5 Qc6 21. Nxd6 Nhf6 $1 22. Bg2 {Es drohte Nxe4, so
daß Weiß den Abtausch von Be3 gegen Nf6 nicht verhindern kann.} Ng4 23. Qe2
Nxe3 {Wenn den schwarzfeldrigen Laüfer getauscht wird, kann Schwarz im
Sizilianisch im allgemeinen erleichtert aufatmen.} 24. Qxe3 Bf8 25. Nxe8 Rxe8
26. a3 $13 Nf6 27. Re1 e5 $1 {Materiell steht es ungefär gleich, aber der
Druck gegen Pe4 sichert Schwarz die Initiative.} 28. f5 Rd8 29. h3 Rd4 30. Kh2
Qd7 $1 {Nach den "Bauerngewinn" mit Rxc4 geht die weisse Dame mit Qxb6 los.}
31. fxg6 hxg6 32. Qf3 Qe6 33. c5 bxc5 34. bxc5 Bc6 {Die weisse Freibauer c5
und a3 stellen wenig vor, weil sie blockiert oder im Schußfeld gehalten werden.
} 35. Qf2 Nxe4 $19 {Jetzt fängt die Ernte an.} 36. Bxe4 Bxe4 37. Re2 Qc6 38.
Qe1 f5 39. Qa5 Bh6 40. Rce1 Rc4 41. Qd8+ Bf8 42. h4 Rxc5 {Der Fall des zweiten
"Kegels" verheißt ein baldiges Ende.} 43. Rd2 Bf3 44. Qb8 Rb5 45. Qd8 Rd5 46.
Qg5 Be7 $1 47. Qe3 Bc5 48. Qb3 Kg7 49. Ree2 Rxd2 50. Rxd2 Bg1+ $1 {Ein
hübscher Schluß.} {[} 51. Kxg1 Qc1+ 52. Kf2 Qxd2+ 53. Kxf3 e4# {]} 0-1

[Event "YUG-ch 57th"]
[Site "Banja Koviljaca"]
[Date "2002.03.21"]
[Round "6"]
[White "Popovic, Petar"]
[Black "Pikula, Dejan"]
[Result "1-0"]
[WhiteElo "2533"]
[BlackElo "2466"]
[Annotator "Milov,V"]
[PlyCount "84"]
[EventDate "2002.03.16"]
[EventType "tourn"]
[EventRounds "13"]
[EventCountry "YUG"]
[EventCategory "10"]
[SourceTitle "CBM 089"]
[Source "ChessBase"]
[SourceDate "2002.08.12"]
[SourceVersion "1"]
[SourceVersionDate "2002.08.12"]
[SourceQuality "1"]

1. e4 c5 2. Nf3 e6 3. d4 cxd4 4. Nxd4 a6 5. Bd3 {A flexible move.} (5. Nc3 {
is the other alternative.}) 5... Nf6 (5... Bc5 6. Nb3 Ba7 7. Qg4 Nf6 8. Qg3 (8.
Qxg7 $2 Rg8 9. Qh6 Bxf2+ $17) 8... d6 9. O-O Nc6 10. Nc3 O-O (10... b5 11. Kh1
Bb7 12. f4 O-O 13. Bd2 Kh8 14. Rae1 Nb4 15. f5 Nxd3 16. cxd3 e5 17. Bg5 {
with the initiative}) 11. Bg5 $14 {1/2-1/2 Boleslavsky,I-Liberzon,V/Riga 1968/
MCD (21)}) 6. O-O (6. Be3 e5 7. Nf3 d5 8. Nbd2 Nc6 9. Bg5 Be7 {Black has a
good play (Tal-Vladimirov, ch SSSR, 1963).}) 6... d6 ({bad is} 6... d5 7. e5
Nfd7 $2 8. Nxe6 $1) (6... Qc7 7. Nd2 Nc6 8. Nxc6 bxc6 (8... Qxc6 $6 9. e5) 9.
f4 d5 10. b3 Be7 11. Bb2 a5 12. c4 O-O 13. Qc2 h6 14. Kh1 Qb6 15. Rae1 Ng4 16.
Nf3 (16. exd5 cxd5 17. cxd5 Nf2+ 18. Rxf2 Qxf2 19. Re2 $44 {Tukmakov-Karpov,
Moscow, 1973}) 16... dxe4 17. Rxe4 $1 f5 18. Re2 Ne3 19. Bd4 Nxc2 20. Bxb6 Nb4
21. Ne5 $14) 7. c4 b6 8. Nc3 Bb7 9. f4 (9. Be3 Nbd7 10. f3 Rc8 11. Rc1 Be7 12.
Qd2 O-O 13. Rfd1 Re8 14. Bf1 Qc7 15. Kh1 Qb8 16. Bg1 Bf8 17. b4 Ne5 18. Na4
Nfd7 19. a3 d5 $2 20. cxd5 exd5 21. exd5 b5 22. Nc3 Nb6 23. Nf5 Nbc4 24. Qg5
$14 {Krushinskij-Gheorghiu, Berlin, 1983}) 9... Be7 10. Qe2 O-O 11. Bd2 Nbd7 $6
$146 (11... Nc6 $142) 12. Rae1 g6 13. f5 $1 {A typical break in similar
positions} e5 (13... gxf5 14. exf5 e5 15. Nc2 Re8 16. Nb4 b5 17. Nbd5 $14) 14.
Nb3 {The white knight takes the c5-square under control and is ready to be
exchanged for the black knight.} Kh8 (14... Qc7 15. g4 Nc5 16. Nxc5 dxc5 17. g5
Nd7 18. Nd5 $16) (14... Rc8 $5) 15. fxg6 hxg6 $6 (15... fxg6 16. Bh6 Re8 17.
Rf3 Ng8 18. Be3 Rf8 19. Ref1 Rxf3 20. Qxf3 Bg5 $14) 16. Rf3 $16 Kg7 17. Ref1
Nh7 18. Qf2 $5 Qe8 (18... f5 19. exf5 Bxf3 20. Qxf3 Bg5 21. Qg3 Nc5 22. Nxc5
dxc5 (22... bxc5 23. f6+ Rxf6 24. Rxf6 Qxf6 25. Ne4 Bf4 26. Nxf6 Bxg3 27. Nxh7
Bxh2+ 28. Kxh2 Kxh7 $16) 23. Bxg5 Qxg5 24. Qxe5+ $16) 19. Nd5 Bxd5 20. cxd5 Bg5
{The correct decision.} 21. Bc3 $1 Bd8 (21... Qe7 22. a4 Nhf6 23. Qe2 Rh8 24.
g3 a5 25. h4 Bh6 26. Nd4 $1 exd4 27. Bxd4 Kg8 28. Bxf6 Nxf6 29. Rxf6 Rh7 $16)
22. Qe2 $1 {Creating new weaknesses in the black camp.} b5 {Now the white
knight is aiming to c6.} 23. Na5 Ng5 24. Rg3 Rh8 25. Nc6 Bb6+ 26. Kh1 Rh5 $2 {
Allowing a nice combination.} (26... Nh7 $8 27. Qd2 $16) 27. Qxh5 $1 $18 gxh5
28. Rxg5+ Kf8 29. Rxh5 Kg8 30. Rg5+ Kf8 31. Bd2 {The coordination of the white
pieces decides the game. The attack is unstoppable.} f6 32. Rg3 Kf7 33. Be2 Qh8
34. Rh3 Qg7 35. Bh6 Qh7 36. Bh5+ Kg8 37. Bg4 Nf8 38. Bxf8 Qxe4 39. Be6+ Kxf8
40. Rxf6+ Kg7 41. Rf7+ Kg6 42. Ne7+ Kg5 1-0

[Event "Belgrade olympia hopes"]
[Site "Belgrade"]
[Date "2002.06.26"]
[Round "1"]
[White "Perunovic, Milos"]
[Black "Pikula, Dejan"]
[Result "1-0"]
[WhiteElo "2478"]
[BlackElo "2472"]
[Annotator "Milov,V"]
[PlyCount "97"]
[EventDate "2002.06.26"]
[EventType "schev"]
[EventRounds "5"]
[EventCountry "YUG"]
[SourceTitle "CBM 091"]
[Source "ChessBase"]
[SourceDate "2002.11.12"]
[SourceVersion "1"]
[SourceVersionDate "2002.11.12"]
[SourceQuality "1"]

1. e4 c5 2. Nf3 e6 3. d4 cxd4 4. Nxd4 a6 5. Bd3 {A flexible move. 5.Nc3 is the
other alternative.} Nf6 (5... Bc5 6. Nb3 Ba7 7. Qg4 Nf6 8. Qg3 (8. Qxg7 $2 Rg8
9. Qh6 Bxf2+ $17) 8... d6 9. O-O Nc6 10. Nc3 O-O (10... b5 11. Kh1 Bb7 12. f4
O-O 13. Bd2 Kh8 14. Rae1 Nb4 15. f5 Nxd3 16. cxd3 e5 17. Bg5 {with the
initiative}) 11. Bg5 $14 {1/2-1/2 Boleslavsky,I-Liberzon,V/Riga 1968/MCD (21)})
6. O-O (6. Be3 e5 7. Nf3 d5 8. Nbd2 Nc6 9. Bg5 Be7 {Tal-Vladimirov/ ch SSSR/
1963. Black has a good game}) 6... d6 ({bad is} 6... d5 7. e5 Nfd7 $2 8. Nxe6
$1) (6... Qc7 7. Nd2 Nc6 8. Nxc6 bxc6 (8... Qxc6 $6 9. e5) 9. f4 d5 10. b3 Be7
11. Bb2 a5 12. c4 O-O 13. Qc2 h6 14. Kh1 Qb6 15. Rae1 Ng4 16. Nf3 (16. exd5
cxd5 17. cxd5 Nf2+ 18. Rxf2 Qxf2 19. Re2 $44 {Tukmakov-Karpov/Moscow/1973})
16... dxe4 17. Rxe4 $1 f5 18. Re2 Ne3 19. Bd4 Nxc2 20. Bxb6 Nb4 21. Ne5 $14) 7.
c4 Bd7 (7... b6 8. Nc3 Bb7 9. Be3 (9. f4 Be7 10. Qe2 O-O 11. Bd2 Nc6 12. Nf3
Nd7 13. Rae1 Nc5 14. Bb1 b5 15. Nd5 exd5 16. exd5 Bf6 $11 {Pokojowczyk-Adamski/
Pol-ch/1980 1-0}) 9... Nbd7 10. f3 Rc8 11. Rc1 Be7 12. Qd2 O-O 13. Rfd1 Re8 14.
Bf1 Qc7 15. Kh1 Qb8 16. Bg1 Bf8 17. b4 Ne5 18. Na4 Nfd7 19. a3 d5 $2 20. cxd5
exd5 21. exd5 b5 22. Nc3 Nb6 23. Nf5 Nbc4 24. Qg5 $14 {Krushinskij-Gheorghiu/
Berlin/1983}) 8. Nc3 Nc6 9. Nxc6 Bxc6 10. Qe2 (10. b4 b6 11. Bb2 Be7 12. Qe2
O-O 13. Rad1 Qc7 (13... Nd7 14. f4 Bb7 15. Rf3 g6 16. Rh3 Bf6 17. e5 dxe5 18.
Be4 Qc7 19. Bxb7 Qxb7 20. Ne4 Bg7 21. fxe5 Qc7 22. Nf6+ Bxf6 23. exf6 $16 {
Khalifman,A-Rublevsky,S/EURvs Tatarstan, Kazan RUS/2001 1-0}) 14. f4 Rac8 15.
Rf3 Rfd8 16. Rh3 h6 17. Rg3 Bb7 18. a3 a5 19. e5 dxe5 20. fxe5 Ne8 21. Nb5 Qb8
22. Rf1 $6 axb4 23. Qh5 Bc5+ $17 {Luther,T-Rublevsky,S/World teams/Yerevan ARM/
2001 0-1 (28)}) 10... Be7 11. Rd1 Qb8 (11... Nd7 12. Bf4 O-O 13. Rac1 Ne5 14.
Bb1 Qb8 15. a4 Rc8 16. Bg3 Be8 17. Ba2 Qa7 (17... b6 18. f4 Nc6 19. f5 Nb4 20.
fxe6 Nxa2 21. exf7+ Bxf7 22. Nxa2 b5 23. b3 bxc4 24. bxc4 Rc5 25. Qd3 $14 {
Galliamova,A-Bojkovic/N FIDE WCh Women KO/New Delhi IND/2000 1-0}) 18. Kh1 Qb6
19. f4 Nc6 20. f5 Nb4 21. fxe6 fxe6 22. c5 dxc5 23. a5 Qc6 24. Bc4 Rd8 25. Rf1
Bf7 26. Qg4 Rf8 27. Be5 g6 28. Qf4 g5 29. Qg4 h5 30. Qh3 Rad8 31. Rxf7 Rxf7 32.
Bxe6 $18 {Lastin,A-Rublevsky,S/Moscow Lighting Moscow RUS/2001 1-0}) 12. Bf4
Nd7 13. Rac1 $14 {Seems too slow. It was necessary to work more actively} (13.
Nd5 $5 Bd8 (13... exd5 $2 14. exd5 $16) 14. Bc2 (14. Qg4 $2 g5 $1 $19) 14...
Ne5 15. Nb4 Bf6 (15... O-O 16. Nxc6 bxc6 17. Ba4 Qc7 18. c5 dxc5 19. Rac1 $16)
16. Nxc6 bxc6 17. Ba4 Qc7 18. Rac1 O-O 19. c5 $16) 13... O-O {Both sides
finished their opening development. Search of the weak points now begins. It
looks like that if White wants to break black defence it will have to move its
pawns forwards, which may also lead to some weaknesses in white position. As
for Black, its just waiting and wants to see, what White is going to undertake.
} 14. Bb1 (14. Nd5 Bd8 (14... exd5 $2 15. exd5 $16) 15. Nb4 Bc7 16. Nxc6 bxc6
$14) 14... Re8 15. Bg3 Bf8 (15... b5 16. cxb5 axb5 17. Nd5 Bxd5 18. exd5 e5 (
18... exd5 $5 19. Qc2 (19. Rxd5 Bg5 20. Qc2 Bxc1 21. Qxh7+ Kf8 22. Qh8+ Ke7 23.
Qxg7 Kd8 24. Rd1 Qc7 25. Qxf7 $44) 19... Nf6 20. Rxd5 Rc8 21. Qxc8+ Qxc8 22.
Rxc8+ Rxc8 23. Rd1 Nh5 24. Bd3 Nxg3 25. hxg3 b4 $11) 19. Rc6 Nf6 20. Qc2 b4 21.
Rc1 g6 22. Qb3 Ra5 23. Bd3 $14) 16. a4 {Interfering b7-b5} b6 17. Rd2 Ra7 (
17... Ne5 18. Rcd1 Qc7 19. b4 Rad8 20. c5 $6 (20. b5 axb5 (20... Bb7 21. Ba2 a5
$11) 21. Nxb5 Bxb5 22. cxb5) 20... bxc5 21. bxc5 Bb7 $15) 18. Rcd1 Ne5 19. f4 (
19. Bxe5 $6 dxe5 $15) 19... Nd7 20. Kh1 Qc8 {Preparing to attack the pawn c4.}
21. Bc2 Rc7 22. Qd3 {with a threat e4-e5} g6 23. Bf2 Bb7 24. b3 Nc5 25. Qh3 Qa8
26. Re2 (26. e5 dxe5 27. fxe5 Bg7 28. b4 Ne4 29. Nxe4 Bxe4 30. Bb3 b5 $5 (30...
Bxe5 31. Bxb6 $16) 31. axb5 axb5 32. cxb5 Bxe5 33. Bc5 Rcc8 34. Qg4 (34. Rd7
Rcd8 $132) 34... Bf5 35. Qe2 Bf4 36. Rd7 Red8 37. b6 Rxd7 38. Rxd7 $13) 26...
Qc8 27. Bh4 Nd7 28. Red2 Bc6 29. Qd3 Bg7 30. f5 $6 (30. Qh3 Bf8 $11) 30... Nc5
31. Qh3 Bf8 (31... Be5 $5 32. f6 Qb7 33. Qe3 Nd7 34. Rf2 Kh8 35. Qh6 Rg8 36.
Nd5 (36. Rf3 Bxc3 37. Rh3 Nf8 $8 38. Rxc3 Bxe4 39. Bxe4 Qxe4 40. Rxd6 (40. Re3
Qf5 41. Rf3 $11) 40... g5 $1 $19) 36... exd5 37. cxd5 (37. exd5 Bxa4 38. Bg5 b5
39. bxa4 bxc4 40. Rf3 Nf8 41. Qh4 Qb2 42. Rc1 $17) 37... Bxa4 38. bxa4 Rc4 $15)
32. fxg6 fxg6 33. e5 dxe5 $8 34. Bf6 Bg7 $6 (34... Nd7 $5 35. Bg5 Bb4 36. Re2
$13) 35. Rd8 Qb7 $8 (35... Bxf6 36. Rxc8 Rcxc8 37. b4 $18) 36. Bxg7 $6 (36. Ne4
$1 Rf8 (36... Bxe4 37. Rxe8+ Kf7 38. Bxg7 Kxe8 39. Bxe4 Qxe4 40. Qxh7 Nd3 41.
Qh8+ Kd7 42. Bxe5 $18) (36... Nxe4 37. Qxe6+ Rf7 38. Bxe4 Bxf6 39. Rxe8+ $18)
37. Nxc5 bxc5 38. Qxe6+ Rcf7 39. Bxg7 Kxg7 (39... Bxg2+ 40. Kg1 Rxd8 41. Rxd8+
Kxg7 42. Qxe5+ Kh6 43. Qe3+ Kh5 (43... Kg7 44. Qc3+ Kh6 45. Qd2+ Kg7 46. Qxg2
$18) 44. Bd1+ Bf3 45. Rd5+ $18) 40. Qxe5+ Kg8 41. Rxf8+ Rxf8 42. Qg3 $16) 36...
Kxg7 $6 (36... Rxd8 $5 37. Rxd8+ Kxg7 38. b4 Ne4 39. Qxe6 Nf6 $15) 37. Rxe8
Bxe8 38. b4 Nd7 39. Ne4 $1 (39. Qxe6 Bf7 40. Qe7 Qc8 (40... Nf6 41. Qxe5 Bxc4
42. Ne4 $18) 41. Nd5 Rc6 $14) 39... Nf6 (39... Nf8 40. Qg3 Nd7 (40... Bc6 41.
Qxe5+ Kg8 42. Nf6+ Kf7 43. Rd2 $18) 41. Qh4 $18) 40. Nd6 Qa7 $2 (40... Qa8 $8
41. Qxe6 Bc6 42. Rg1 (42. Rd2 $6 Qf8 43. Qxe5 $2 Re7 44. Qa1 Re6 45. c5 Qe7 46.
Rd1 Re2 $19) 42... Qf8 43. Qxe5 Re7 $44) 41. Rf1 $1 $18 {And White confidently
realized his advantage.} Bf7 42. Qf3 Ng8 43. Qe3 Re7 44. Qxe5+ Kf8 45. h3 Qd7
46. c5 bxc5 47. bxc5 Nh6 48. Qh8+ Ng8 49. Qxh7 1-0

[Event "EU-Cup 18th"]
[Site "Kallithea"]
[Date "2002.09.24"]
[Round "3.5"]
[White "Yemelin, Vasily"]
[Black "Landa, Konstantin"]
[Result "1/2-1/2"]
[WhiteElo "2534"]
[BlackElo "2621"]
[Annotator "Milov,V"]
[PlyCount "56"]
[EventDate "2002.09.22"]
[EventType "team-swiss"]
[EventRounds "7"]
[EventCountry "GRE"]
[SourceTitle "CBM 092"]
[Source "ChessBase"]
[SourceDate "2003.02.06"]
[SourceVersion "1"]
[SourceVersionDate "2003.02.06"]
[SourceQuality "1"]
[WhiteTeam "Kiseljak"]
[BlackTeam "Tomsk 400"]
[WhiteTeamCountry "BIH"]
[BlackTeamCountry "RUS"]

1. e4 c5 2. Nf3 e6 3. d4 cxd4 4. Nxd4 a6 5. Bd3 {The most flexible
continuation, White keeps an option of playing c2-c4. Another alternatives are
5.c4, 5.Nc3.} Bc5 {Black uses the knight`s vulnerability and wants it to leave
the centre. If now 6.c3 then White will have some problems with his queenside
development. Another alternatives are 5...Nc6, 5...Nf6, 5...g6.} 6. Nb3 Be7 (
6... Ba7 7. Qg4 Nf6 8. Qg3 d6 9. Nc3 Nc6 10. Bd2 Ne5 11. f4 Nxd3+ 12. cxd3 O-O
13. Be3 b5 14. Bxa7 Rxa7 15. O-O Rc7 16. Rac1 Bb7 17. a3 Qe7 18. Kh1 Rfc8 19.
Nd4 Nd7 $15 {Paehtz-Kasparov, ZMD Blitz, Munich GER, 2002 1-0 (34)}) 7. Qg4 {
White immediately attacks the square g7, weakening the kingside.} g6 (7... Bf6
8. f4 (8. O-O d6 9. Nc3 Nc6 10. Qg3 Nge7 11. Be2 O-O 12. Bf4 Bxc3 13. Qxc3 e5
14. Bg5 h6 15. Bh4 Qc7 16. Rad1 Be6 17. Rfe1 Rac8 18. Qd2 Ng6 19. Bg3 Rfd8 20.
c4 $14 {Comp Junior 5.0-Yudasin, Ein Bokek m rapid 1998, 1-0 (41)}) 8... d6 9.
Nc3 Ne7 10. Be3 O-O 11. O-O-O Qc7 (11... Bxc3 $142) 12. Ne2 $14 g6 13. Kb1 Nbc6
14. h4 h5 15. Qf3 Bd7 16. g4 $16 {Varga-Szieberth, FSGM, Budapest HUN, 2000,
1-0 (33)}) 8. Qe2 {It`s difficult for Black to develop his kingside. Therefore
it develops his queenside first.} d6 (8... Nf6 $6 9. Bh6) 9. c4 Nd7 10. Nc3 Qc7
11. O-O Ne5 12. h3 {Waste of time} ({Better is} 12. Rd1 Bd7 13. Bf4 Rc8 14. Nd2
Nf6 15. Rac1 $14) 12... Bd7 13. Be3 (13. Bf4 $5) 13... Rc8 14. Nd2 Nf6 {
Finally developing the knight. Black has a good play} 15. Rac1 Nxd3 16. Qxd3
O-O 17. b3 Bc6 18. Bg5 (18. Nf3 $5 b6 (18... Nd7 19. Nd4 Nc5 20. Qc2 Bf6 21.
Rfd1 $14) 19. Bg5 $14) 18... Qa5 $5 (18... Rfd8 19. Nf3 d5 20. cxd5 exd5 21. e5
Nh5 22. Bxe7 Qxe7 23. Qe3 Ng7 24. Nd4 Ne6 25. f4 $14) 19. f4 Rfe8 20. Kh2 Rcd8
{with the idea d6-d5} 21. Nf3 Nh5 ({Premature} 21... d5 $6 22. cxd5 exd5 23. e5
Ne4 24. Bxe7 Rxe7 25. Nd4 Nc5 26. Qe3 Ne6 $14) 22. Qd2 (22. Bxe7 Rxe7 23. Qd2
Ree8 $11) 22... Bxg5 23. fxg5 (23. Nxg5 $6 d5 24. cxd5 exd5 25. e5 d4 $15)
23... d5 24. cxd5 exd5 25. exd5 Bxd5 26. Nxd5 Qxd2 27. Nxd2 Rxd5 28. Nf3 Rd7 ({
if} 28... Re2 29. Rfe1 Rxe1 (29... Rxa2 $4 30. Rc8+ Kg7 31. Ree8 $18) 30. Rxe1
Kf8 $11 {also results in the equal endgame.}) 1/2-1/2